[Event "AUTO-OPEN-482"]
[Site "http://www.queenalice.com/game.php?id=142144"]
[Date "2006.12.15"]
[Round "1"]
[White "pixifrufru"]
[Black "profeta"]
[Result "1-0"]
[WhiteElo "1683"]
[BlackElo "1329"]

1. d4 d5 2. c4 Nf6 3. Bg5 Ne4 4. Bf4 Na6 5. e3 e6 6. cxd5 Bb4+ 7. Ke2 O-O 8. a3
Be7 9. dxe6 Bxe6 10. Nc3 Nxc3+ 11. bxc3 c5 12. Nf3 Bc4+ 13. Ke1 Bxf1 14. Kxf1
Rc8 15. g4 cxd4 16. cxd4 b5 17. Kg2 Qd5 18. Qd3 Nc7 19. Bxc7 Rxc7 20. Rhc1 Rxc1
21. Rxc1 a6 22. e4 Qb7 23. d5 Qd7 24. h3 h6 25. Rc6 g6 26. Ne5 Qd8 27. d6 Bf6
28. Qd5 Bxe5 29. Qxe5 Qe8 30. Qxe8 Rxe8 31. f3 Rd8 32. e5 Kf8 33. Rxa6 Ke8 34.
Ra7 Rb8 35. Kg3 Kd8 36. Rxf7 Ra8 37. Rf8+ Kd7 38. Rxa8 Ke6 39. f4 h5 40. Rb8 g5
41. Rxb5 hxg4 42. hxg4 gxf4+ 43. Kxf4 Kf7 44. a4 Ke6 45. a5 Kf7 46. Kf5 Kg7 47.
d7 Kf7 48. d8=Q Kg7 49. Qg5+ Kf7 50. Rb7+ Ke8 51. Qe7# 1-0

[Event "AUTO-OPEN-482"]
[Site "http://www.queenalice.com/game.php?id=142145"]
[Date "2006.12.15"]
[Round "1"]
[White "profeta"]
[Black "pixifrufru"]
[Result "0-1"]
[WhiteElo "1189"]
[BlackElo "1723"]

1. c4 Nf6 2. Nc3 e6 3. e4 Bb4 4. Nf3 O-O 5. e5 Ng4 6. Qe2 Bxc3 7. dxc3 Nc6 8. h3
Nh6 9. c5 Nf5 10. Bd2 d5 11. g4 Nh4 12. O-O-O Nxf3 13. Qxf3 Nxe5 14. Qe3 Ng6 15.
f4 Re8 16. Qd4 b6 17. Bg2 Bb7 18. f5 exf5 19. gxf5 Nh4 20. Qf2 Nxg2 21. Qxg2 Qf6
22. Rhf1 bxc5 23. Bg5 Qd6 24. Rg1 g6 25. fxg6 fxg6 26. c4 Rab8 27. Rdf1 dxc4 28.
Qd2 Qxd2+ 29. Kxd2 Re5 30. Bf4 Rd5+ 31. Ke2 Re8+ 32. Kf2 Rf8 33. Kg3 Rd3+ 34.
Kh4 Kg7 35. Be5+ Kg8 36. Rxf8+ Kxf8 37. Bxc7 Rd4+ 38. Kg5 Rd5+ 39. Kh6 Rh5# 0-1

[Event "AUTO-INT-280"]
[Site "http://www.queenalice.com/game.php?id=142180"]
[Date "2006.12.15"]
[Round "1"]
[White "pixifrufru"]
[Black "CampbellMarcel"]
[Result "1-0"]
[WhiteElo "1616"]
[BlackElo "959"]

1. d4 e6 2. c4 b6 3. Nc3 Bb4 4. Nf3 Bb7 5. e3 Bxc3+ 6. bxc3 Nf6 7. Be2 O-O 8.
O-O Ne4 9. Qd3 f5 10. Ba3 d6 11. d5 e5 12. Nd2 Nxd2 13. Qxd2 c6 14. dxc6 Bxc6
15. Qxd6 Qxd6 16. Bxd6 Rf7 17. c5 bxc5 18. Bxc5 Nd7 19. Bb4 a5 20. Ba3 f4 21.
Bc4 f3 22. Bxf7+ Kxf7 23. g3 e4 24. Rfd1 Ne5 25. Bc5 Nd3 26. Bd4 a4 27. a3 Rb8
28. Rdb1 Rb2 29. Rxb2 1-0

[Event "AUTO-INT-280"]
[Site "http://www.queenalice.com/game.php?id=142181"]
[Date "2006.12.15"]
[Round "1"]
[White "CampbellMarcel"]
[Black "pixifrufru"]
[Result "0-1"]
[WhiteElo "965"]
[BlackElo "1614"]

1. e4 c5 2. Bc4 e6 3. c3 Nf6 4. d3 Be7 5. Bg5 O-O 6. Nd2 h6 7. Bxf6 Bxf6 8. Ne2
d5 9. exd5 exd5 10. Bb3 Be6 11. O-O Nc6 12. c4 Bxb2 13. Rb1 dxc4 14. Bxc4 Bxc4
15. dxc4 Bf6 16. Re1 b6 17. Rb2 Bxb2 18. Nf4 Bc3 19. Re2 Nd4 20. Re3 Nf5 21. Re2
Nd4 22. Re3 Qg5 23. g3 Nf5 24. Rxc3 Nd4 25. Nd5 Rac8 26. Re3 Rfe8 27. Rxe8+ Rxe8
28. h4 Qe5 29. Ne3 f5 30. f4 Qxe3+ 31. Kf1 Qd3+ 0-1

[Event "AUTO-INT-280"]
[Site "http://www.queenalice.com/game.php?id=142182"]
[Date "2006.12.15"]
[Round "1"]
[White "pixifrufru"]
[Black "amadeuswags"]
[Result "0-1"]
[WhiteElo "1665"]
[BlackElo "1513"]

1. d4 d5 2. c4 dxc4 3. e3 Be6 4. Nf3 b5 5. a4 c6 6. axb5 cxb5 7. Nc3 a6 8. Be2
Nf6 9. O-O g6 10. Ng5 Bh6 11. Nxe6 fxe6 12. Bf3 Ra7 13. b3 cxb3 14. Qxb3 Qd7 15.
Bd2 Rc7 16. Ne2 g5 17. h3 Nc6 18. Rxa6 e5 19. Qxb5 exd4 20. Bxc6 Rxc6 21. Qxc6
Qxc6 22. Rxc6 Bg7 23. Nxd4 Ne4 24. Bb4 h5 25. Re6 Nf6 0-1

[Event "AUTO-INT-280"]
[Site "http://www.queenalice.com/game.php?id=142183"]
[Date "2006.12.15"]
[Round "1"]
[White "amadeuswags"]
[Black "pixifrufru"]
[Result "1-0"]
[WhiteElo "1535"]
[BlackElo "1640"]

1. e4 c5 2. Nf3 d6 3. d4 cxd4 4. Nxd4 e6 5. c4 Nf6 6. Bd3 Be7 7. Nc3 a6 8. b3
O-O 9. f4 e5 10. Qf3 exd4 11. Ne2 Bg4 12. Qg3 Bxe2 13. Kxe2 Nc6 14. Bd2 Nh5 15.
Qg4 Nf6 16. Qf3 Qd7 17. f5 Ne5 18. Qf2 Nxd3 19. Kxd3 Qc6 20. Rhe1 Rfe8 21. Rac1
Bd8 22. Qxd4 Bb6 23. Qc3 1-0

[Event "AUTO-INT-280"]
[Site "http://www.queenalice.com/game.php?id=142184"]
[Date "2006.12.15"]
[Round "1"]
[White "pixifrufru"]
[Black "Paulo_Lima"]
[Result "0-1"]
[WhiteElo "1686"]
[BlackElo "1708"]

1. d4 Nf6 2. c4 e6 3. Bg5 d5 4. Nc3 Bb4 5. Qc2 O-O 6. e3 Nbd7 7. O-O-O c5 8. Nf3
Bxc3 9. Qxc3 Ne4 10. Bxd8 Nxc3 11. bxc3 Rxd8 12. cxd5 exd5 13. dxc5 Nxc5 14. c4
Be6 15. cxd5 Rxd5 16. Rxd5 Bxd5 17. Be2 Bxa2 18. Nd4 Rc8 19. Kb2 Bd5 20. f3 Be6
21. Nxe6 Nxe6 22. Rc1 Rxc1 23. Kxc1 b6 24. Kb2 h6 25. Kb3 Nc5+ 26. Kc4 Kf8 27.
Kb5 Ke7 28. f4 Kd6 29. Bf3 Kc7 30. Bd5 f6 31. g4 g5 32. fxg5 hxg5 33. e4 a5 34.
h3 Nd3 35. Bf7 Nf4 0-1

[Event "AUTO-INT-280"]
[Site "http://www.queenalice.com/game.php?id=142185"]
[Date "2006.12.15"]
[Round "1"]
[White "Paulo_Lima"]
[Black "pixifrufru"]
[Result "1-0"]
[WhiteElo "1500"]
[BlackElo "1723"]

1. d4 d5 2. c4 c6 3. Nf3 Nf6 4. Nc3 Bg4 5. e3 e6 6. h3 Bh5 7. cxd5 cxd5 8. Be2
Bb4 9. Qc2 Nc6 10. O-O O-O 11. a3 Be7 12. e4 Bg6 13. Bd3 dxe4 14. Nxe4 Nxe4 15.
Bxe4 Bxe4 16. Qxe4 Bf6 17. Be3 Qd5 18. Qxd5 exd5 19. Rac1 h6 20. Rfd1 Na5 21.
Rc5 Nc4 22. Rxd5 Nxb2 23. Rb1 Na4 24. Rxb7 Nb6 25. Rc5 Na4 26. Ra5 Nb6 27. Raxa7
Rxa7 28. Rxa7 Nd5 29. Ra4 1-0

[Event "Challenge"]
[Site "http://www.queenalice.com/game.php?id=148127"]
[Date "2006.12.30"]
[Round "-"]
[White "spawnwolfwolverine"]
[Black "pixifrufru"]
[Result "1-0"]
[WhiteElo "1662"]
[BlackElo "1685"]

1. d3 e5 2. e3 d5 3. c3 Nf6 4. Nf3 Be7 5. Be2 O-O 6. O-O Nc6 7. a3 Be6 8. d4 e4
9. Ne5 Nxe5 10. dxe5 Nd7 11. Bg4 Nxe5 12. Bxe6 fxe6 13. f4 Nd3 14. b3 Bf6 15. b4
c6 16. Ra2 a5 17. Bd2 axb4 18. cxb4 Bb2 19. Bc3 Bxc3 20. Nxc3 Qf6 21. Ne2 Qf5
22. Nd4 Qg6 23. h3 Qg3 24. Nxe6 Qxe3+ 25. Kh1 Rf6 26. Re2 Qa7 27. f5 Qxa3 28.
Nc7 Rc8 29. Ne6 Qxb4 30. g4 h6 31. h4 1-0

[Event "Challenge"]
[Site "http://www.queenalice.com/game.php?id=157148"]
[Date "2007.1.21"]
[Round "-"]
[White "Baranduin"]
[Black "pixifrufru"]
[Result "1/2-1/2"]
[WhiteElo "1803"]
[BlackElo "1649"]

1. d4 d5 2. c4 c6 3. cxd5 cxd5 4. Nc3 Nf6 5. Bf4 e6 6. Nb5 Bb4+ 7. Nc3 O-O 8. e3
Nc6 9. Nf3 Qa5 10. Qc2 Ne4 11. Rc1 Nxc3 12. bxc3 Ba3 13. Rb1 b5 14. Rxb5 Qd8 15.
Bd3 h6 16. Ne5 Nxe5 17. Bxe5 Qg5 18. O-O Ba6 19. Ra5 Bxd3 20. Qxd3 Be7 21. f4
Qg6 22. Qxg6 fxg6 23. Rb1 Bd8 24. Rab5 Bb6 25. g3 g5 26. a4 gxf4 27. exf4 Rfc8
28. a5 Bc7 29. Bxc7 Rxc7 30. Rb8+ Rxb8 31. Rxb8+ Kf7 32. Kf2 Kf6 33. Ra8 g5 34.
fxg5+ hxg5 35. h4 gxh4 36. gxh4 Kf5 37. h5 Kg5 38. Re8 Kxh5 39. Rxe6 Rxc3 40.
Re5+ Kg4 41. Rxd5 Kf4 42. Rd7 Rc2+ 43. Ke1 Ke4 44. Rxa7 Kxd4 45. Ra8 Kc4 46. a6
Kb5 47. a7 Kb6 48. Kd1 Rc7 49. Rh8 Kxa7 50. Rh6 1/2-1/2

[Event "Challenge"]
[Site "http://www.queenalice.com/game.php?id=157149"]
[Date "2007.1.21"]
[Round "-"]
[White "pixifrufru"]
[Black "Baranduin"]
[Result "1-0"]
[WhiteElo "1628"]
[BlackElo "1764"]

1. d4 Nf6 2. c4 c5 3. d5 b5 4. b3 g6 5. Bb2 Bg7 6. Nf3 bxc4 7. bxc4 d6 8. e3
Nbd7 9. Be2 O-O 10. O-O Rb8 11. Qc1 Rxb2 12. Qxb2 Ne4 13. Nd4 cxd4 14. exd4 Qb6
15. Qxb6 Nxb6 16. Rd1 Ba6 17. Na3 Nc3 18. Rd2 Nxe2+ 19. Rxe2 Re8 20. Rc1 Bxd4
21. Nb5 Bxb5 22. cxb5 Bg7 23. Rd1 Kf8 24. Rc2 Rc8 25. Rxc8+ Nxc8 26. Rc1 Nb6 27.
Rc7 Ke8 28. Rxa7 Nxd5 29. a4 Bd4 30. Ra8+ Kd7 31. a5 Kc7 32. b6+ Kb7 33. Ra7+
Kb8 34. Rd7 Bc3 35. Ra7 h5 36. h4 Bf6 37. g3 Nb4 38. a6 Nc6 39. Rb7+ Ka8 40. Rc7
Nb8 41. a7 Na6 42. Rc8+ 1-0

[Event "Challenge"]
[Site "http://www.queenalice.com/game.php?id=180660"]
[Date "2007.3.12"]
[Round "-"]
[White "pixifrufru"]
[Black "rrainey22"]
[Result "1-0"]
[WhiteElo "1703"]
[BlackElo "1654"]

1. d4 d5 2. c4 dxc4 3. e3 b5 4. a4 c6 5. axb5 cxb5 6. Qf3 Qc7 7. Qxa8 Nc6 8. d5
Nb4 9. Rxa7 Qc5 10. Nc3 e6 11. Rb7 Bd6 12. Rxb5 Nd3+ 13. Bxd3 Qc7 14. Be4 exd5
15. Nxd5 Qd7 16. Rb7 Qd8 17. Ra7 Nf6 18. Nxf6+ gxf6 19. Bc6+ Kf8 20. Rd7 Qe8 21.
Rxd6 Qe7 22. Qxc8+ Kg7 23. Qd7 Qxd7 24. Rxd7 Rc8 25. Ba4 c3 26. bxc3 Rxc3 27.
Bd2 Ra3 28. Bd1 Ra1 29. Ne2 h6 30. O-O Ra2 31. Bb3 Rb2 32. Rxf7+ Kg6 33. Rb7
Rxd2 34. Nf4+ Kg5 35. Rg7+ Kf5 36. Be6+ Ke5 37. h3 Rd6 38. Re7 Rb6 39. Bg4+ Kd6
40. Re6+ Kc7 41. Rxb6 Kxb6 42. Rc1 Kb5 43. Nh5 f5 44. Bxf5 Kb4 45. e4 Kb3 46. e5
Kb2 47. Rc8 Kb3 48. e6 Kb4 49. e7 Kb5 50. e8=Q+ Kb4 51. Qe7+ Kb5 52. Qb7+ Ka5
53. Ra8# 1-0

[Event "Challenge"]
[Site "http://www.queenalice.com/game.php?id=180661"]
[Date "2007.3.12"]
[Round "-"]
[White "pixifrufru"]
[Black "blindmove"]
[Result "1-0"]
[WhiteElo "1681"]
[BlackElo "1828"]

1. d4 d5 2. c4 e6 3. e3 Nf6 4. Nf3 Be7 5. Nc3 c6 6. Bd3 Nbd7 7. O-O c5 8. cxd5
Nxd5 9. Nxd5 exd5 10. dxc5 Nxc5 11. Bb5+ Kf8 12. Nd4 a6 13. Be2 g6 14. a3 Kg7
15. Qc2 Re8 16. b4 Ne6 17. Bb2 Kg8 18. Nxe6 Bxe6 19. Qc3 f6 20. g4 h6 21. h4 Bf7
22. g5 d4 23. exd4 Rc8 24. Qd3 Qd5 25. gxh6 Kh7 26. Bc1 Red8 27. Be3 f5 28. Bg5
Bxg5 29. hxg5 Qxd4 30. Qxd4 Rxd4 31. Rfd1 Rcd8 32. Rxd4 Rxd4 33. Rd1 1-0

[Event "Challenge"]
[Site "http://www.queenalice.com/game.php?id=180662"]
[Date "2007.3.12"]
[Round "-"]
[White "pixifrufru"]
[Black "jablonski"]
[Result "1-0"]
[WhiteElo "1669"]
[BlackElo "1571"]

1. d4 d5 2. c4 Nf6 3. Nc3 dxc4 4. e4 e6 5. Bg5 Bb4 6. Bxc4 Bxc3+ 7. bxc3 O-O 8.
Nf3 Bd7 9. e5 Nc6 10. exf6 gxf6 11. Bh6 Re8 12. Nh4 Ne7 13. Qg4+ Ng6 14. O-O e5
15. Qg3 b5 16. Bd3 f5 17. Nxf5 Bxf5 18. Bxf5 Qf6 19. Bd7 Red8 20. Bxb5 exd4 21.
cxd4 Rxd4 22. Qxc7 Nh4 23. Be3 Rg4 24. g3 Nf3+ 25. Kh1 Qg6 26. Bc6 Rc4 27. Qb7
Qxc6 28. Qxc6 Rxc6 29. Kg2 Rf6 30. Bf4 Rxf4 31. gxf4 Nd2 32. Rfd1 Ne4 33. Rd4
Nc5 34. Rad1 Ne6 35. Rc4 Rb8 36. f5 Ng5 37. Rg4 h6 38. h4 f6 39. hxg5 fxg5 40.
Rd2 Rb5 41. f4 Rxf5 42. fxg5 Rxg5 43. Rxg5+ hxg5 44. Rd7 1-0

[Event "AUTO-INT-250"]
[Site "http://www.queenalice.com/game.php?id=225463"]
[Date "2007.6.15"]
[Round "2"]
[White "pixifrufru"]
[Black "felomeno"]
[Result "0-1"]
[WhiteElo "1692"]
[BlackElo "1540"]

1. d4 e6 2. e4 Nf6 3. e5 Ne4 4. Qd3 Qh4 5. Nf3 Qxf2+ 6. Kd1 d5 7. exd6 Qxg2 8.
Bxg2 Nf2+ 9. Ke2 Nxd3 10. Kxd3 Bxd6 11. c3 Nc6 12. Re1 b5 13. Ne5 Nxe5+ 14. dxe5
Rb8 15. Na3 Bxa3 16. bxa3 Ba6 17. Bc6+ Ke7 18. Bg5+ f6 19. exf6+ gxf6 20. Be3
b4+ 21. c4 bxa3 22. Bxa7 Rb2 23. Bc5+ Kf7 24. Bxa3 Rd8+ 25. Kc3 Rxh2 26. Re3 Rh4
27. Bb5 Bxb5 28. cxb5 Ra8 29. Bc5 Rg4 30. Rh3 Kg6 31. Bf2 Ra3+ 0-1

[Event "AUTO-INT-250"]
[Site "http://www.queenalice.com/game.php?id=225464"]
[Date "2007.6.15"]
[Round "2"]
[White "felomeno"]
[Black "pixifrufru"]
[Result "0-1"]
[WhiteElo "1578"]
[BlackElo "1652"]

1. e4 c5 2. c3 Nc6 3. Bc4 e6 4. d4 cxd4 5. Nh3 dxc3 6. bxc3 Ne5 7. Bg5 Nf6 8.
Qd4 Nc6 9. Bxf6 Qxf6 10. Qxf6 gxf6 11. a4 Ne5 12. Nd2 Nxc4 13. Nxc4 Bh6 14. Nd6+
Ke7 15. Rd1 Rg8 16. g3 b6 17. f4 Ba6 18. e5 fxe5 19. fxe5 Rg4 20. Rd4 Rxd4 21.
cxd4 Be3 22. d5 exd5 23. Nf5+ Ke6 24. Nxe3 Kxe5 25. Ng5 Re8 26. Nxf7+ Kd4 27.
Kd2 Rxe3 28. Nh6 Ra3 29. Nf5+ Ke5 30. g4 h5 31. Re1+ Kf6 32. Ne3 Rd3+ 33. Kc2
hxg4 34. Nxg4+ Kg5 35. Rg1 Kh4 36. Ne5 Rh3 37. Ng6+ Kh5 38. Nf4+ Kh4 39. Nxh3
Kxh3 40. Rg3+ Kxh2 41. Rg7 b5 42. a5 Bc8 43. Kb3 a6 44. Rg8 Bb7 45. Rb8 Bc6 46.
Rb6 d4 47. Rxa6 Kg3 48. Rb6 Kf2 49. a6 d3 50. Rxc6 dxc6 51. a7 d2 52. a8=Q d1=Q+
53. Kb4 Qd4+ 54. Kb3 Qc4+ 55. Ka3 b4+ 56. Kb2 Qc3+ 57. Kb1 c5 58. Qf8+ Ke3 59.
Qe7+ Kd2 60. Qd6+ Qd3+ 61. Qxd3+ Kxd3 62. Kc1 c4 63. Kb2 Kd2 64. Kb1 c3 65. Ka2
c2 66. Kb3 c1=Q 67. Kxb4 Kd3 68. Kb5 Kd4 69. Kb4 Qb1+ 70. Ka5 Kc5 71. Ka4 Qb4#
0-1

[Event "knightsdefence-2"]
[Site "http://www.queenalice.com/game.php?id=256562"]
[Date "2007.8.16"]
[Round "1"]
[White "knightsdefence"]
[Black "pixifrufru"]
[Result "0-1"]
[WhiteElo "1236"]
[BlackElo "1670"]

1. f4 d5 2. d4 Nc6 3. c3 Bf5 4. Nd2 e6 5. g3 Nf6 6. Bh3 Bxh3 7. Nxh3 Ng4 8. Nf1
Be7 9. Ne3 Nxe3 10. Bxe3 O-O 11. b3 Re8 12. Bf2 h6 13. Be3 f5 14. Ng1 a5 15. a4
Bf6 16. Nf3 Na7 17. Bc1 b5 18. e3 Qc8 19. Qe2 bxa4 20. bxa4 Nc6 21. O-O Qa6 22.
Qxa6 Rxa6 23. Bb2 Rb6 24. Rfb1 Reb8 25. Ra2 Rb3 26. Nd2 R3b6 27. Raa1 Rxb2 28.
Rxb2 Rxb2 29. Rd1 Ra2 30. Nb3 Rxa4 31. Nc5 Rc4 32. Nxe6 Ne7 33. Rc1 a4 34. Nc5
a3 35. Nb3 Nc6 36. Kf2 Be7 37. Ke2 Na7 38. Rc2 Nb5 39. Kd2 c6 40. Nc1 Bd8 41.
Na2 Ba5 42. Rc1 Kf7 43. Rc2 Kf6 44. Rc1 g5 45. Kd3 h5 46. Rc2 h4 47. Rc1 hxg3
48. hxg3 g4 49. Kd2 c5 50. Kd3 cxd4 51. exd4 Bxc3 52. Nxc3 Rxd4+ 53. Ke3 Nxc3
54. Rxc3 Ra4 55. Rc1 a2 56. Ra1 Ke6 57. Kd2 d4 58. Kc2 Kd5 59. Kb2 Ke4 60. Rxa2
Rxa2+ 0-1

[Event "Challenge"]
[Site "http://www.queenalice.com/game.php?id=267037"]
[Date "2007.9.5"]
[Round "-"]
[White "Gloria"]
[Black "pixifrufru"]
[Result "1-0"]
[WhiteElo "1658"]
[BlackElo "1665"]

1. e4 c5 2. Nc3 e6 3. f4 d6 4. Nf3 Nf6 5. d4 cxd4 6. Nxd4 a6 7. Be2 g6 8. Be3
Bh6 9. Qd2 O-O 10. O-O-O Nc6 11. g4 Bg7 12. h4 e5 13. Nxc6 bxc6 14. Qxd6 Qxd6
15. Rxd6 exf4 16. Bxf4 Bb7 17. h5 h6 18. hxg6 fxg6 19. Bxh6 Bxh6+ 20. Rxh6 Kg7
21. g5 Ng8 22. Rd7+ Rf7 23. Rxf7+ Kxf7 24. Rh7+ 1-0

[Event "Challenge"]
[Site "http://www.queenalice.com/game.php?id=273754"]
[Date "2007.9.19"]
[Round "-"]
[White "abelhm"]
[Black "pixifrufru"]
[Result "1-0"]
[WhiteElo "1677"]
[BlackElo "1670"]

1. e4 c5 2. Nf3 d6 3. h3 Nf6 4. Nc3 e6 5. Bc4 a6 6. O-O Be7 7. Re1 O-O 8. a3 b5
9. Ba2 Nc6 10. d4 Bb7 11. dxc5 dxc5 12. Bf4 Qxd1 13. Raxd1 Rfd8 14. Bc7 Rxd1 15.
Rxd1 h6 16. e5 Ne8 17. Bd6 Nxd6 18. exd6 Bf6 19. Ne4 Bxb2 20. Nxc5 Nd8 21. Nxb7
Nxb7 22. c4 Bxa3 23. d7 Be7 24. Ne5 bxc4 25. Nc6 Nd8 26. Nxe7+ Kf8 27. Nc8 c3
28. Rc1 Rb8 29. Rxc3 Rb7 30. Rd3 a5 31. Bc4 Rc7 32. Bb5 Rc5 33. Ba4 Rd5 34. Rxd5
exd5 35. Nb6 d4 36. Nc4 Nb7 37. Nxa5 Nd8 38. Nc6 Nxc6 39. Bxc6 Ke7 40. Kf1 g5
41. Ke2 f5 42. Kd3 h5 43. Kxd4 f4 44. Ke5 1-0

[Event "knightsdefence-2"]
[Site "http://www.queenalice.com/game.php?id=281719"]
[Date "2007.10.5"]
[Round "2"]
[White "pixifrufru"]
[Black "Sertori"]
[Result "0-1"]
[WhiteElo "1672"]
[BlackElo "1578"]

1. d4 f5 2. e4 fxe4 3. Qh5+ g6 4. Qe5 Nf6 5. Bg5 Nc6 6. Qc5 Bg7 7. Nc3 O-O 8.
Bxf6 Bxf6 9. Nxe4 Bg7 10. Bc4+ Kh8 11. Nf3 b6 12. Qg5 Nxd4 13. Nxd4 Bxd4 14. c3
Bg7 15. O-O-O c6 16. Bb3 d5 17. f3 Qc7 18. Ng3 a5 19. Rhe1 Bf6 20. Qe3 a4 21.
Bc2 b5 22. Qc5 Bb7 23. Rxd5 Qf4+ 24. Rd2 Rad8 25. Qe3 Bg5 26. Nf1 Rxd2 27. Kxd2
Qd6+ 0-1